[Event "4NCL 2019-20"]
[Site "Daventry"]
[Date "2020.02.08"]
[Round "5"]
[White "Ansell, Simon T"]
[Black "Arkell, Keith C"]
[Result "1/2-1/2"]
[WhiteElo "2334"]
[BlackElo "2460"]
[Annotator "ChessBase"]
[PlyCount "115"]
[EventDate "2020.01.11"]
[EventCountry "ENG"]
[SourceTitle "playchess.com"]
[Source "ChessBase"]
[SourceQuality "1"]
[TimeControl "40/6000:3000+30"]

1. d4 {[%emt 0:00:00]} Nf6 {[%emt 0:00:00]} 2. Bf4 {[%emt 0:00:00]} c5 {[%emt 0:00:00]} 3. dxc5 {[%emt 0:00:00]} Na6 {[%emt 0:00:00]} 4. Qd4 {[%emt 0:00:00]} Qa5+ {[%emt 0:03:12]} 5. c3 {[%emt 0:00:00]} Qxc5 {[%emt 0:00:00]} 6. e3 {[%emt 0:08:10]} b6 {[%emt 0:00:19]} 7. Nf3 {[%emt 0:01:20]} Bb7 {[%emt 0:00:41]} 8. Nbd2 {[%emt 0:00:54]} g6 {[%emt 0:04:47]} 9. Be5 {[%emt 0:23:19]} Bg7 {[%emt 0:05:59]} 10. Bxa6 {[%emt 0:07:50]} Bxa6 {[%emt 0:00:00]} 11. Bxf6 {[%emt 0:01:28]} Bxf6 {[%emt 0:00:00]} 12. Qxc5 {[%emt 0:00:00]} bxc5 {[%emt 0:00:07]} 13. Ne4 {[%emt 0:00:00]} d6 {[%emt 0:01:54]} 14. Nxf6+ {[%emt 0:00:00]} exf6 {[%emt 0:00:00]} 15. O-O-O {[%emt 0:00:00]} Ke7 {[%emt 0:00:00]} 16. Rhe1 {[%emt 0:00:00]} Bc4 {[%emt 0:02:47]} 17. Kb1 {[%emt 0:05:29]} a5 {[%emt 0:07:31]} 18. e4 {[%emt 0:02:12]} Rhe8 {[%emt 0:02:38]} 19. Re3 {[%emt 0:00:00]} Ra6 {[%emt 0:04:57]} 20. Nd2 {[%emt 0:06:40]} Be6 {[%emt 0:00:00]} 21. Nf1 {[%emt 0:00:00]} Kd7 {[%emt 0:03:04]} 22. Ng3 {[%emt 0:02:45]} Kc7 {[%emt 0:00:15]} 23. Rd2 {[%emt 0:03:04]} Bd7 {[%emt 0:01:36]} 24. Kc1 {[%emt 0:00:30]} Bc6 {[%emt 0:00:47]} 25. Rf3 {[%emt 0:05:44]} f5 {[%emt 0:04:48]} 26. Re2 {[%emt 0:02:31]} Re7 {[%emt 0:01:46]} 27. Rf4 {[%emt 0:00:00]} fxe4 {[%emt 0:01:57]} 28. f3 {[%emt 0:00:00]} f5 {[%emt 0:04:26]} 29. fxe4 {[%emt 0:00:00]} fxe4 {[%emt 0:00:00]} 30. c4 {[%emt 0:04:16]} Ra8 {[%emt 0:07:06]} 31. Kd2 {[%emt 0:02:11]} Rb8 {[%emt 0:03:52]} 32. Ke3 {[%emt 0:00:43]} Rb4 {[%emt 0:01:06]} 33. Rc2 {[%emt 0:00:00]} a4 {[%emt 0:05:42]} 34. Nf1 {[%emt 0:00:00]} Rb8 {[%emt 0:00:00]} 35. Nd2 {[%emt 0:00:00]} Rd8 {[%emt 0:01:04]} 36. h4 {[%emt 0:04:01]} Kb6 {[%emt 0:01:55]} 37. Rf6 {[%emt 0:00:40]} Re5 {[%emt 0:00:04]} 38. Rc1 {[%emt 0:01:14]} Rh5 {[%emt 0:12:04]} 39. g3 {[%emt 0:01:00]} Re5 {[%emt 0:04:00]} 40. b3 {[%emt 0:01:11]} Re7 {[%emt 0:01:11]} 41. g4 {[%emt 0:55:27]} Kc7 {[%emt 0:50:19]} 42. Rf4 {[%emt 0:01:38]} axb3 {[%emt 0:01:39]} 43. axb3 {[%emt 0:01:20]} Ra8 {[%emt 0:04:19]} 44. Rcf1 {[%emt 0:01:42]} d5 {[%emt 0:00:28]} 45. cxd5 {[%emt 0:00:06]} Bxd5 {[%emt 0:00:03]} 46. Rc1 {[%emt 0:00:30]} Kb6 {[%emt 0:01:51]} 47. Rf6+ {[%emt 0:02:58]} Kb5 {[%emt 0:00:18]} 48. Rd6 {[%emt 0:00:41]} Bb7 {[%emt 0:00:00]} 49. Nc4 {[%emt 0:00:00]} Ra6 {[%emt 0:00:00]} 50. Ra1 {[%emt 0:00:00]} Rxd6 {[%emt 0:00:00]} 51. Nxd6+ {[%emt 0:00:00]} Kc6 {[%emt 0:00:00]} 52. Nc4 {[%emt 0:00:00]} Bc8 {[%emt 0:00:00]} 53. g5 {[%emt 0:00:00]} Be6 {[%emt 0:00:00]} 54. Ra6+ {[%emt 0:00:00]} Kb7 {[%emt 0:00:00]} 55. Rb6+ {[%emt 0:00:00]} Kc7 {[%emt 0:00:00]} 56. Rb5 {[%emt 0:00:00]} Kc6 {[%emt 0:00:00]} 57. Rb6+ {[%emt 0:00:00]} Kc7 {[%emt 0:00:00]} 58. Rb5 {[%emt 0:00:00]} 1/2-1/2

[Event "4NCL 2019-20"]
[Site "Daventry"]
[Date "2020.02.08"]
[Round "5"]
[White "Fitzsimons, David"]
[Black "Regan, Natasha K"]
[Result "1-0"]
[WhiteElo "2328"]
[BlackElo "1956"]
[Annotator "TA"]
[PlyCount "51"]
[EventDate "2020.01.11"]
[EventCountry "ENG"]
[SourceTitle "playchess.com"]
[Source "ChessBase"]
[SourceQuality "1"]

{[%evp 10,51,0,0,43,21,24,32,31,48,39,-14,-11,-7,-5,-12,63,66,73,82,83,54,58,-127,165,168,257,265,535,529,525,525,525,520,525,522,597,589,564,531,29991,29992,29992,29993]} 1. e4 e5 2. Nf3 Nc6 3. Bc4 Nf6 4. d4 exd4 5. e5 d5 6. Bb5 Qe7 {C56: Two Knights: 4 d4 exd4 5 0-0 Nxe4.} 7. Qxd4 {[#]} Nd7 $146 ({Predecessor:} 7... Bd7 8. Bxc6 Bxc6 9. Bg5 Qe6 10. Nc3 Ne4 11. Nxe4 dxe4 12. O-O-O Be7 13. Bxe7 exf3 14. Bf6 gxf6 15. exf6 O-O 16. gxf3 Bxf3 17. Qf4 Bh5 18. Qh6 {1-0 (18) Dybowski,R (1983)-Misztela,H Wroclaw 2007}) 8. Qxd5 {Black must now prevent 0-0.} Nb4 $1 {[%cal Rb4d5] White is slightly better.} 9. Qe4 {Strongly threatening a3.} c6 10. Bc4 (10. a3 $14) 10... Nc5 11. Qe2 b5 12. Bb3 Bf5 (12... a5 $1 $11 13. Bg5 f6 14. exf6 Qxe2+ 15. Kxe2 Nxb3 16. cxb3 Nc2) 13. Na3 $1 $14 {[%cal Bb1a3,Ba3c2,Bc2e3][%mdl 32]} Nxb3 14. axb3 Qc5 {[%cal Rb4c2]} 15. O-O $36 {[%mdl 2048] Be3 is the strong threat. White is pushing.} Nxc2 16. Bg5 $2 (16. Nxc2 $14 {keeps the upper hand.} Qxc2 17. Qxc2 Bxc2 18. Nd4) 16... h6 $2 {[%mdl 8192] [#]} (16... Nxa1 $17 {and life is bright.} 17. Rxa1 Qb4) 17. Rac1 $1 $18 {[%cal Ra3c2]} hxg5 (17... Nd4 {keeps fighting.} 18. Qd1 Nxf3+ 19. Qxf3 {[%mdl 64] Double Attack} Qd5) 18. Nxc2 g4 $2 (18... Qb6 {was worth a try.} 19. Ncd4 {[%mdl 64] Discovered Attack} (19. Nxg5 Bg6 $16) 19... Bg4) 19. Ne3 {[%mdl 64] Discovered Attack} gxf3 20. Qxf3 {[%mdl 64] Double Attack} Bd7 21. Rxc5 Bxc5 22. Rd1 Rd8 {[#]} 23. e6 $1 fxe6 (23... Bxe6 24. Qxc6+) 24. Ng4 {Ne5 would kill now.} Bb6 25. Ne5 {[%csl Ge5][%cal Rf3f7]} Rf8 26. Qh5+ {Accuracy: White = 73%, Black = 40%.} 1-0

[Event "4NCL 2019-20"]
[Site "Daventry"]
[Date "2020.02.08"]
[Round "5"]
[White "Li, Henry"]
[Black "Batchelor, Peter J"]
[Result "1/2-1/2"]
[WhiteElo "2310"]
[BlackElo "2318"]
[Annotator "ChessBase"]
[PlyCount "108"]
[EventDate "2020.01.11"]
[EventCountry "ENG"]
[SourceTitle "playchess.com"]
[Source "ChessBase"]
[SourceQuality "1"]
[TimeControl "40/6000:3000+30"]

1. e4 {[%emt 0:00:00]} c6 {[%emt 0:00:00]} 2. d4 {[%emt 0:00:00]} d5 {[%emt 0:00:00]} 3. e5 {[%emt 0:00:00]} Bf5 {[%emt 0:00:00]} 4. h4 {[%emt 0:00:00]} h5 {[%emt 0:00:29]} 5. Bd3 {[%emt 0:00:00]} Bxd3 {[%emt 0:00:00]} 6. Qxd3 {[%emt 0:00:00]} Qa5+ {[%emt 0:00:00]} 7. Nd2 {[%emt 0:00:00]} e6 {[%emt 0:07:22]} 8. Ngf3 {[%emt 0:04:11]} Qa6 {[%emt 0:04:17]} 9. c4 {[%emt 0:00:03]} Nh6 {[%emt 0:03:24]} 10. O-O {[%emt 0:08:40]} Nf5 {[%emt 0:02:45]} 11. b3 {[%emt 0:04:04]} Be7 12. a4 {[%emt 0:02:41]} O-O {[%emt 0:18:08]} 13. Ba3 Bxa3 {[%emt 0:00:00]} 14. Rxa3 Rd8 {[%emt 0:00:00]} 15. b4 dxc4 {[%emt 0:00:00]} 16. Nxc4 Nd7 {[%emt 0:00:00]} 17. Rb1 b6 {[%emt 0:00:00]} 18. b5 Qb7 {[%emt 0:00:00]} 19. Qe4 Rac8 {[%emt 0:00:00]} 20. Ne3 Nxe3 {[%emt 0:00:00]} 21. fxe3 Rc7 {[%emt 0:00:00]} 22. Ng5 Nf8 {[%emt 0:00:00]} 23. Qf3 cxb5 {[%emt 0:00:00]} 24. Qxb7 Rxb7 {[%emt 0:00:00]} 25. axb5 f6 {[%emt 0:00:00]} 26. Nf3 Ng6 {[%emt 0:00:00]} 27. exf6 gxf6 {[%emt 0:00:00]} 28. e4 Rc7 {[%emt 0:00:00]} 29. Rba1 Rdd7 {[%emt 0:00:00]} 30. R1a2 f5 {[%emt 0:00:00]} 31. exf5 exf5 {[%emt 0:00:00]} 32. Kf2 f4 {[%emt 0:00:00]} 33. Re2 Rd5 {[%emt 0:00:00]} 34. Re8+ Kf7 {[%emt 0:00:00]} 35. Ra8 Rc2+ {[%emt 0:00:00]} 36. Kg1 Rxb5 {[%emt 0:00:00]} 37. R3xa7+ Kf6 {[%emt 0:00:00]} 38. Ra2 Rb1+ {[%emt 0:00:00]} 39. Kh2 Rcc1 {[%emt 0:00:00]} 40. g3 Rc3 {[%emt 0:00:00]} 41. R8a3 Rbb3 {[%emt 0:50:30]} 42. Rxb3 Rxb3 {[%emt 0:00:30]} 43. Kg2 Kf5 {[%emt 0:00:30]} 44. d5 Rd3 {[%emt 0:00:30]} 45. Rb2 Ne5 {[%emt 0:00:30]} 46. Nxe5 Rxg3+ {[%emt 0:00:30]} 47. Kf2 Kxe5 {[%emt 0:00:30]} 48. Rxb6 Kxd5 {[%emt 0:00:30]} 49. Rb5+ Ke4 {[%emt 0:00:30]} 50. Rxh5 Ra3 {[%emt 0:00:30]} 51. Rb5 Ra2+ {[%emt 0:00:30]} 52. Kf1 Kf3 {[%emt 0:00:30]} 53. Rb3+ Kg4 {[%emt 0:00:30]} 54. h5 Kxh5 {[%emt 0:00:30]} 1/2-1/2

[Event "4NCL 2019-20"]
[Site "Daventry"]
[Date "2020.02.08"]
[Round "5"]
[White "O'Donnell, Conor"]
[Black "Hodgson, John H"]
[Result "1-0"]
[WhiteElo "2307"]
[BlackElo "2082"]
[Annotator "ChessBase"]
[PlyCount "67"]
[EventDate "2020.01.11"]
[EventCountry "ENG"]
[SourceTitle "playchess.com"]
[Source "ChessBase"]
[SourceQuality "1"]
[TimeControl "40/6000:3000+30"]

1. d4 {[%emt 0:00:00]} Nf6 {[%emt 0:00:00]} 2. c4 {[%emt 0:00:00]} g6 {[%emt 0:00:00]} 3. f3 {[%emt 0:00:00]} d5 {[%emt 0:00:00]} 4. cxd5 {[%emt 0:00:00]} Nxd5 {[%emt 0:00:00]} 5. e4 {[%emt 0:00:00]} Nb6 {[%emt 0:00:00]} 6. Nc3 {[%emt 0:00:00]} Bg7 {[%emt 0:00:00]} 7. Be3 {[%emt 0:00:00]} O-O {[%emt 0:00:00]} 8. Qd2 {[%emt 0:00:00]} e5 {[%emt 0:00:00]} 9. d5 {[%emt 0:00:00]} c6 {[%emt 0:00:00]} 10. h4 {[%emt 0:00:00]} cxd5 {[%emt 0:01:19]} 11. exd5 {[%emt 0:00:19]} N8d7 {[%emt 0:00:59]} 12. h5 {[%emt 0:00:02]} Nf6 {[%emt 0:05:17]} 13. hxg6 {[%emt 0:00:00]} fxg6 {[%emt 0:00:00]} 14. O-O-O {[%emt 0:29:55]} Re8 {[%emt 0:30:13]} 15. Nh3 {[%emt 0:00:00]} Bxh3 {[%emt 0:04:52]} 16. Rxh3 {[%emt 0:00:00]} Rc8 {[%emt 0:00:35]} 17. Kb1 {[%emt 0:00:00]} Nc4 {[%emt 0:16:55]} 18. Bxc4 {[%emt 0:00:00]} Rxc4 {[%emt 0:00:00]} 19. Bg5 {[%emt 0:02:00]} Rd4 {[%emt 0:08:49]} 20. Qc2 {[%emt 0:03:38]} Qd7 {[%emt 0:06:36]} 21. Bxf6 {[%emt 0:07:23]} Bxf6 {[%emt 0:00:00]} 22. Rdh1 {[%emt 0:07:40]} Rc8 {[%emt 0:07:27]} 23. Qb3 {[%emt 0:06:33]} b6 {[%emt 0:02:50]} 24. d6+ {[%emt 0:08:44]} Kh8 {[%emt 0:01:18]} 25. Ne4 {[%emt 0:13:10]} Bd8 {[%emt 0:00:00]} 26. Rxh7+ {[%emt 0:02:58]} Qxh7 27. Rxh7+ {[%emt 0:00:00]} Kxh7 {[%emt 0:00:00]} 28. Qf7+ {[%emt 0:00:00]} Kh6 {[%emt 0:00:00]} 29. Qf8+ {[%emt 0:01:05]} Kh7 {[%emt 0:00:00]} 30. a3 {[%emt 0:08:20]} Rd1+ {[%emt 0:07:16]} 31. Ka2 {[%emt 0:00:00]} a5 {[%emt 0:00:00]} 32. Ng5+ {[%emt 0:01:42]} Bxg5 {[%emt 0:00:00]} 33. Qxc8 {[%emt 0:00:00]} Bf6 {[%emt 0:00:00]} 34. Qc7+ {[%emt 0:00:48]} 1-0

[Event "4NCL 2019-20"]
[Site "Daventry"]
[Date "2020.02.08"]
[Round "5"]
[White "Golding, Alex"]
[Black "Jaracz, Pawel"]
[Result "1/2-1/2"]
[WhiteElo "2306"]
[BlackElo "2469"]
[Annotator "ChessBase"]
[PlyCount "92"]
[EventDate "2020.01.11"]
[EventCountry "ENG"]
[SourceTitle "playchess.com"]
[Source "ChessBase"]
[SourceQuality "1"]
[TimeControl "40/6000:3000+30"]

1. e4 {[%emt 0:00:00]} c6 {[%emt 0:00:00]} 2. d4 {[%emt 0:04:01]} d5 {[%emt 0:00:00]} 3. e5 {[%emt 0:00:00]} c5 {[%emt 0:00:00]} 4. c4 {[%emt 0:08:40]} cxd4 {[%emt 0:00:19]} 5. Qxd4 {[%emt 0:09:04]} e6 {[%emt 0:23:44]} 6. cxd5 {[%emt 0:00:54]} Nc6 {[%emt 0:00:22]} 7. Bb5 {[%emt 0:01:12]} Qxd5 {[%emt 0:00:26]} 8. Qxd5 {[%emt 0:01:48]} exd5 {[%emt 0:00:00]} 9. Nf3 {[%emt 0:06:56]} Bc5 {[%emt 0:07:18]} 10. Nc3 {[%emt 0:00:52]} Nge7 {[%emt 0:00:00]} 11. Bg5 {[%emt 0:00:27]} Be6 {[%emt 0:23:11]} 12. O-O {[%emt 0:00:50]} a6 {[%emt 0:09:49]} 13. Bxc6+ {[%emt 0:02:45]} Nxc6 {[%emt 0:00:04]} 14. Rfd1 {[%emt 0:00:42]} h6 {[%emt 0:00:00]} 15. Bh4 {[%emt 0:01:17]} g5 {[%emt 0:00:00]} 16. Bg3 {[%emt 0:00:00]} Rd8 {[%emt 0:07:23]} 17. Rac1 {[%emt 0:00:00]} Ba7 {[%emt 0:01:46]} 18. b3 {[%emt 0:00:17]} O-O {[%emt 0:00:00]} 19. Rd2 {[%emt 0:00:16]} Ne7 {[%emt 0:00:21]} 20. Ne2 {[%emt 0:00:48]} Rc8 {[%emt 0:01:54]} 21. Rxc8 {[%emt 0:01:53]} Rxc8 {[%emt 0:00:00]} 22. h4 {[%emt 0:00:07]} g4 {[%emt 0:01:14]} 23. Nfd4 {[%emt 0:00:58]} Nc6 {[%emt 0:02:54]} 24. Bf4 {[%emt 0:00:38]} Nxd4 {[%emt 0:00:15]} 25. Nxd4 {[%emt 0:00:00]} Bxd4 {[%emt 0:01:24]} 26. Rxd4 {[%emt 0:00:00]} h5 {[%emt 0:00:00]} 27. Bg5 {[%emt 0:00:24]} Rc2 {[%emt 0:00:00]} 28. Rd2 {[%emt 0:01:06]} Rxd2 {[%emt 0:00:00]} 29. Bxd2 {[%emt 0:00:00]} Kh7 {[%emt 0:00:00]} 30. Bc3 {[%emt 0:00:29]} Kg6 {[%emt 0:00:00]} 31. f3 {[%emt 0:00:00]} gxf3 {[%emt 0:00:00]} 32. gxf3 {[%emt 0:00:00]} Kf5 {[%emt 0:00:00]} 33. Kf2 {[%emt 0:00:00]} Kf4 {[%emt 0:00:00]} 34. Bd4 {[%emt 0:00:00]} Bf5 {[%emt 0:00:00]} 35. b4 {[%emt 0:00:00]} Bc2 {[%emt 0:00:00]} 36. Ke2 {[%emt 0:00:00]} Ba4 {[%emt 0:03:15]} 37. a3 {[%emt 0:00:00]} Bc2 {[%emt 0:00:46]} 38. Bc3 {[%emt 0:00:00]} Ba4 {[%emt 0:00:39]} 39. Bd4 {[%emt 0:00:00]} Bd7 {[%emt 0:01:05]} 40. Kf2 {[%emt 0:00:00]} Bb5 {[%emt 0:00:25]} 41. Bc3 {[%emt 0:47:55]} Bd3 {[%emt 0:51:25]} 42. Bd4 {[%emt 0:00:12]} Bc2 {[%emt 0:00:13]} 43. Ke2 {[%emt 0:00:04]} Kg3 {[%emt 0:05:43]} 44. Bf2+ {[%emt 0:00:08]} Kg2 {[%emt 0:00:00]} 45. Bc5 {[%emt 0:00:00]} Kg3 {[%emt 0:00:00]} 46. Bf2+ {[%emt 0:00:00]} Kf4 {[%emt 0:00:00]} 1/2-1/2

[Event "4NCL 2019-20"]
[Site "Daventry"]
[Date "2020.02.08"]
[Round "5"]
[White "Ciuksyte, Dagne"]
[Black "Bulmaga, Irina"]
[Result "1/2-1/2"]
[WhiteElo "2295"]
[BlackElo "2453"]
[Annotator "ChessBase"]
[PlyCount "106"]
[EventDate "2020.01.11"]
[EventCountry "ENG"]
[SourceTitle "playchess.com"]
[Source "ChessBase"]
[SourceQuality "1"]
[TimeControl "40/6000:3000+30"]

1. e4 {[%emt 0:00:00]} c5 {[%emt 0:00:00]} 2. Nf3 {[%emt 0:00:00]} d6 {[%emt 0:00:00]} 3. d4 {[%emt 0:00:00]} cxd4 {[%emt 0:00:00]} 4. Nxd4 {[%emt 0:00:00]} Nf6 {[%emt 0:00:00]} 5. Nc3 {[%emt 0:00:00]} a6 {[%emt 0:00:00]} 6. Bc4 {[%emt 0:00:00]} e6 {[%emt 0:00:00]} 7. O-O {[%emt 0:00:00]} b5 {[%emt 0:00:00]} 8. Bb3 {[%emt 0:00:00]} Be7 {[%emt 0:00:00]} 9. f4 {[%emt 0:00:00]} O-O {[%emt 0:00:00]} 10. f5 {[%emt 0:02:18]} e5 {[%emt 0:00:00]} 11. Nde2 {[%emt 0:00:00]} Bb7 {[%emt 0:00:28]} 12. Ng3 {[%emt 0:00:07]} Nbd7 {[%emt 0:07:20]} 13. Bg5 {[%emt 0:04:52]} b4 {[%emt 0:17:23]} 14. Bxf6 {[%emt 0:01:55]} Nxf6 {[%emt 0:02:30]} 15. Nd5 {[%emt 0:00:51]} Bxd5 {[%emt 0:01:44]} 16. Bxd5 {[%emt 0:00:00]} Rc8 {[%emt 0:00:38]} 17. Bb3 {[%emt 0:20:42]} d5 {[%emt 0:23:36]} 18. exd5 {[%emt 0:07:56]} Bc5+ {[%emt 0:00:00]} 19. Kh1 {[%emt 0:00:00]} Bd4 {[%emt 0:02:36]} 20. Rb1 {[%emt 0:00:18]} a5 {[%emt 0:05:55]} 21. Nh5 {[%emt 0:08:24]} Rc5 {[%emt 0:19:46]} 22. a4 {[%emt 0:07:42]} Re8 {[%emt 0:08:57]} 23. Re1 {[%emt 0:05:55]} g6 {[%emt 0:03:37]} 24. fxg6 {[%emt 0:01:30]} hxg6 {[%emt 0:00:00]} 25. Nxf6+ {[%emt 0:05:39]} Qxf6 {[%emt 0:00:00]} 26. Rf1 {[%emt 0:04:11]} Qd6 {[%emt 0:00:00]} 27. Qf3 {[%emt 0:05:43]} Rc7 {[%emt 0:00:00]} 28. Qf6 {[%emt 0:04:36]} Qxf6 {[%emt 0:00:00]} 29. Rxf6 {[%emt 0:00:00]} e4 {[%emt 0:00:00]} 30. Rc6 {[%emt 0:04:47]} Rxc6 {[%emt 0:02:49]} 31. dxc6 {[%emt 0:00:00]} e3 {[%emt 0:00:00]} 32. Bc4 {[%emt 0:00:00]} Kf8 {[%emt 0:02:03]} 33. g3 {[%emt 0:00:00]} Bb6 {[%emt 0:00:03]} 34. Rd1 {[%emt 0:01:40]} Rc8 {[%emt 0:00:00]} 35. Bb5 {[%emt 0:02:27]} Ke7 {[%emt 0:00:00]} 36. Kg2 {[%emt 0:00:00]} Ke6 {[%emt 0:00:00]} 37. Kf3 {[%emt 0:01:09]} g5 {[%emt 0:00:00]} 38. Bc4+ {[%emt 0:00:54]} Ke5 {[%emt 0:00:00]} 39. Rd5+ {[%emt 0:02:32]} Kf6 {[%emt 0:00:00]} 40. Bb5 {[%emt 0:02:35]} g4+ {[%emt 0:00:01]} 41. Kxg4 {[%emt 0:09:41]} Rxc6 {[%emt 0:02:42]} 42. Kf3 {[%emt 0:09:20]} Re6 {[%emt 0:02:38]} 43. Ke2 {[%emt 0:00:08]} Ke7 {[%emt 0:10:26]} 44. Bd3 {[%emt 0:05:06]} Rf6 {[%emt 0:07:22]} 45. Bf5 {[%emt 0:00:19]} Rd6 {[%emt 0:09:06]} 46. Rxd6 {[%emt 0:03:18]} Kxd6 {[%emt 0:00:02]} 47. c3 {[%emt 0:01:47]} Bc5 {[%emt 0:01:46]} 48. h4 {[%emt 0:03:18]} Kd5 {[%emt 0:01:09]} 49. Bd3 {[%emt 0:00:53]} Bd6 {[%emt 0:05:36]} 50. g4 {[%emt 0:03:04]} bxc3 {[%emt 0:03:47]} 51. bxc3 {[%emt 0:00:34]} Be5 {[%emt 0:02:02]} 52. Bb1 {[%emt 0:07:00]} Bxc3 {[%emt 0:01:04]} 53. Kxe3 {[%emt 0:00:35]} Ke5 {[%emt 0:00:17] Ke4+} 1/2-1/2

[Event "4NCL 2019-20"]
[Site "Daventry"]
[Date "2020.02.08"]
[Round "5"]
[White "Kolbus, Dietmar"]
[Black "Grieve, Harry"]
[Result "1-0"]
[WhiteElo "2294"]
[BlackElo "2299"]
[Annotator "TA"]
[PlyCount "169"]
[EventDate "2020.01.11"]
[EventCountry "ENG"]
[SourceTitle "playchess.com"]
[Source "ChessBase"]
[SourceQuality "1"]

{[%evp 18,169,17,20,37,15,21,14,13,19,10,15,13,6,20,2,25,9,19,24,22,-4,19,-29,-10,-10,-10,-10,-12,-9,-10,-30,-8,-52,-17,-53,-53,-41,-53,-55,-47,-41,0,0,0,-7,0,0,0,0,0,0,0,0,0,0,0,0,0,0,0,-4,0,-74,0,-236,-188,-251,-253,-236,-219,-265,-243,-323,-72,-79,-79,-79,-81,-18,-18,-39,0,0,0,0,0,0,0,0,0,0,0,0,0,0,0,-64,8,56,572,514,506,500,498,473,1068,1061,29959,29959,29958,29961,29960,29962,29960,29963,29963,29964,29964,29964,29966,29967,29969,29970,29970,29971,29971,29972,29972,29973,29973,29974,29974,29975,29975,29976,29976,29977,29980,29978,29978,29979,29979,29980,29980,29981,29981,29982,29982,29983,29983,29982,29988,29989]} 1. c4 f5 2. Nf3 Nf6 3. g3 d6 4. d4 g6 5. Bg2 Bg7 6. O-O O-O 7. Nc3 Qe8 8. d5 Na6 {[%cal Bb8a6,Ba6c5,Bc5e4][%mdl 32]} 9. Nd4 Nc5 10. Rb1 Bd7 {A87: Dutch Defence: Leningrad System: 5 Nf3.} 11. b3 c6 12. e3 Rc8 {The position is equal.} 13. Bb2 Qf7 {[#]} 14. Qe2 $146 ({Predecessor:} 14. Qc2 Kh8 15. Nde2 cxd5 16. Nxd5 b5 17. Nxf6 Bxf6 18. Bxf6+ Qxf6 19. Nf4 Ne4 20. Nd5 Qe5 21. Qb2 Qxb2 22. Rxb2 e6 23. Bxe4 fxe4 24. Nc3 bxc4 25. Nxe4 d5 {½-½ (25) Gonzalez Perez,A (2435)-Malaniuk,V (2510) Navalmoral 2010}) 14... Nce4 15. dxc6 bxc6 16. Nf3 g5 17. Nxe4 Nxe4 18. Bxg7 Qxg7 19. Qb2 c5 20. Qxg7+ (20. Qc2 {feels hotter.} Nf6 21. b4 h6 22. bxc5 Rxc5 23. Rb7) 20... Kxg7 21. Rb2 a5 22. Nd2 Bc6 23. f4 h6 24. Rfb1 g4 25. a3 Kf6 26. Kf1 Rb8 27. Nxe4+ Bxe4 28. Bxe4 fxe4 $15 {[%mdl 4096] Endgame KRR-KRR} 29. Ke1 h5 30. b4 axb4 31. axb4 cxb4 32. Rxb4 Rxb4 33. Rxb4 $11 {KR-KR} Ra8 34. Rb5 Ra1+ 35. Kf2 Ra2+ 36. Kg1 Ra1+ 37. Kf2 Ra2+ 38. Kg1 Re2 39. Rxh5 Rxe3 40. c5 (40. Kf1 $11) 40... Rc3 (40... Rf3 $1 $17 41. c6 Rc3) 41. Rh6+ $2 (41. cxd6 $1 $11 {and White stays safe.} exd6 42. Kf2) 41... Kf5 $1 $19 {And now ...e3 would win.} 42. cxd6 (42. Rh7 $142) 42... exd6 43. Rh5+ Ke6 44. Kf2 d5 45. Rg5 e3+ $2 (45... Kd6 $1 $19 {has better winning chances.} 46. Ke2 Kc5 47. Rxg4 d4) 46. Ke2 $17 d4 47. Re5+ Kd6 $1 {Hoping for ...Rc2+.} 48. Re8 Kd5 {Strongly threatening ...Rc2+.} 49. Rd8+ Kc4 {White must now prevent ...Rc2+.} (49... Ke4 $5 {[%cal Rd4d3]} 50. Re8+ Kf5 $17) 50. Rc8+ Kb3 (50... Kb4 $5 51. Rb8+ $8 Kc5 52. Rc8+ Kb4 53. Rb8+ Kc5 54. Rc8+ Kb4 $11) 51. Rb8+ Kc4 (51... Kc2 $5 52. Rd8 $8 Rd3 53. Rc8+ Rc3 $11) 52. Rc8+ Kb3 (52... Kb4 $5 53. Rb8+ $8 Kc5 54. Rc8+ Kb4 55. Rb8+ Kc4 56. Rc8+ $11) 53. Rb8+ Kc2 {( -> ...d3+)} (53... Kc4 $5 54. Rc8+ $8 $11) 54. Rd8 Rc4 55. f5 {aiming for f6.} Kc3 56. f6 $1 {[%cal Rf6f7] Threatens to win with f7.} Rc7 57. Rg8 (57. Re8 $11) 57... Rf7 ({Black should try} 57... Kc4 $1 $15) 58. Rc8+ $11 Kb4 $2 {[%mdl 8192]} (58... Kb3 $1 $14 59. Rc6 Rh7) 59. Kd3 $1 $18 Rxf6 60. Rc4+ Kb5 {...e2! is the strong threat.} 61. Rxd4 Rf2 (61... Re6 $142 62. Ke2 Rh6) 62. Kxe3 Rxh2 63. Rxg4 {White mates.} Kc5 {[#]} 64. Rg6 $1 Kd5 {[#]} 65. Kf4 $1 Rf2+ 66. Kg5 Ke5 67. g4 Rf8 68. Rg7 Ke6 69. Kh6 Rh8+ 70. Rh7 Ra8 71. g5 Ra1 72. Rb7 Rh1+ 73. Kg7 Rg1 74. g6 Rg2 75. Kh7 Rh2+ 76. Kg8 Rg2 77. g7 Rg1 78. Kf8 Rf1+ 79. Ke8 Rg1 80. Rb6+ Ke5 81. Kf7 Rf1+ 82. Ke7 Rg1 83. Rb5+ Ke4 84. Kf7 Rf1+ 85. Kg6 {Accuracy: White = 82%, Black = 76%.} 1-0

[Event "4NCL 2019-20"]
[Site "Daventry"]
[Date "2020.02.08"]
[Round "5"]
[White "Delaney, Killian"]
[Black "Roberson, Peter T"]
[Result "1/2-1/2"]
[WhiteElo "2287"]
[BlackElo "2435"]
[Annotator "ChessBase"]
[PlyCount "83"]
[EventDate "2020.01.11"]
[EventCountry "ENG"]
[SourceTitle "playchess.com"]
[Source "ChessBase"]
[SourceQuality "1"]
[TimeControl "40/6000:3000+30"]

1. Nf3 {[%emt 0:00:00]} Nf6 {[%emt 0:00:00]} 2. c4 {[%emt 0:00:00]} e6 {[%emt 0:00:00]} 3. g3 {[%emt 0:00:00]} d5 {[%emt 0:00:00]} 4. Bg2 {[%emt 0:00:00]} Be7 {[%emt 0:00:00]} 5. O-O {[%emt 0:00:00]} O-O {[%emt 0:00:00]} 6. b3 {[%emt 0:00:00]} d4 {[%emt 0:00:00]} 7. e3 {[%emt 0:00:00]} c5 {[%emt 0:00:00]} 8. exd4 {[%emt 0:00:00]} cxd4 {[%emt 0:00:00]} 9. d3 {[%emt 0:00:00]} Nc6 {[%emt 0:00:00]} 10. Re1 {[%emt 0:00:00]} Nd7 {[%emt 0:00:16]} 11. Ba3 {[%emt 0:06:22]} a5 {[%emt 0:06:09]} 12. Bxe7 {[%emt 0:01:47]} Qxe7 {[%emt 0:00:00]} 13. Nbd2 {[%emt 0:02:34]} e5 {[%emt 0:30:59]} 14. Nxe5 {[%emt 0:29:40]} Ndxe5 15. Bxc6 {[%emt 0:00:00]} bxc6 16. f4 {[%emt 0:00:00]} f6 17. fxe5 {[%emt 0:00:00]} fxe5 18. Qe2 {[%emt 0:00:00]} Bh3 19. Qxe5 {[%emt 0:00:00]} Qf7 20. Qxd4 {[%emt 0:00:00]} Rad8 21. Qf4 {[%emt 0:00:00]} Qxf4 22. gxf4 {[%emt 0:00:00]} Rxf4 23. Re4 {[%emt 0:00:00]} Rf6 24. d4 {[%emt 0:00:00]} Rg6+ 25. Kf2 {[%emt 0:00:00]} Rg2+ 26. Ke3 {[%emt 0:00:00]} Rxh2 27. Rg1 {[%emt 0:00:00]} Bf5 28. Re5 {[%emt 0:00:00]} Rh3+ 29. Kf2 {[%emt 0:00:00]} Rxd4 30. Nf3 {[%emt 0:00:00]} Rf4 31. Rg3 {[%emt 0:00:00]} Rxg3 32. Kxg3 {[%emt 0:00:00]} Rg4+ 33. Kf2 {[%emt 0:00:00]} g6 34. Rxa5 {[%emt 0:00:00]} h5 35. Ne5 {[%emt 0:00:00]} Rf4+ 36. Kg3 {[%emt 0:00:00]} g5 37. Nf3 {[%emt 0:00:00]} Kg7 38. Rc5 {[%emt 0:00:00]} Kg8 39. Kf2 {[%emt 0:00:00]} Kg7 40. Kg3 {[%emt 0:00:00]} Rg4+ 41. Kf2 {[%emt 0:50:30]} Rf4 42. Kg3 {[%emt 0:00:30]} 1/2-1/2